[Event "FIDE World Rapid Team"]
[Site "Almaty KAZ"]
[Date "2024.08.02"]
[Round "2.13"]
[White "Nihal, Sarin"]
[Black "Gurel, Ediz"]
[Result "0-1"]
[WhiteTitle "GM"]
[BlackTitle "GM"]
[WhiteElo "2668"]
[BlackElo "2602"]
[WhiteTeam "Ashdod Chess Club"]
[BlackTeam "Rookies"]
[WhiteFideId "25092340"]
[BlackFideId "44507356"]
[EventDate "2024.08.02"]

1. Nf3 d5 2. g3 g6 3. Bg2 Bg7 4. d4 Nf6 5. O-O O-O 6. c3 Bf5 7. Nbd2 Nbd7 8. Qb3
Qc8 9. Nh4 Be6 10. f4 Nb6 11. a4 a5 12. Re1 Ne4 13. Nhf3 Nd7 14. Ne5 Ndf6 15.
Nxe4 Nxe4 16. Be3 c5 17. dxc5 Nxc5 18. Qa3 b6 19. Nd3 Nxd3 20. exd3 Qc7 21. Bf2
Rab8 22. Qb3 Rfd8 23. d4 Bf6 24. Rxe6 fxe6 25. Re1 Qc4 26. Qc2 b5 27. axb5 Qxb5
28. Re2 a4 29. Bh3 Rb6 30. Kg2 Qa6 31. Be3 Kh8 32. Bg4 Rdb8 33. Bc1 Rc8 34. Qd2
Rcc6 35. h4 a3 36. bxa3 Rb3 37. Re3 Qa5 38. Qf2 Rbxc3 39. Bd2 Bxd4 40. Kh3 Qa7
41. Rxc3 Bxf2 42. Rxc6 Qb7 43. Rc3 Bd4 44. Bxe6 Qb1 45. h5 Qh1+ 0-1

[Event "FIDE World Rapid Team"]
[Site "Almaty KAZ"]
[Date "2024.08.02"]
[Round "2.14"]
[White "Zemlyanskii, Ivan"]
[Black "Eljanov, Pavel"]
[Result "1-0"]
[WhiteTitle "FM"]
[BlackTitle "GM"]
[WhiteElo "2543"]
[BlackElo "2672"]
[WhiteTeam "Rookies"]
[BlackTeam "Ashdod Chess Club"]
[WhiteFideId "24249971"]
[BlackFideId "14102951"]
[EventDate "2024.08.02"]

1. e4 e5 2. Nf3 Nc6 3. Bc4 Bc5 4. c3 Nf6 5. d3 d6 6. O-O O-O 7. Re1 h6 8. Nbd2
Bb6 9. h3 a5 10. Nf1 Ne7 11. d4 Nc6 12. Ng3 exd4 13. cxd4 d5 14. exd5 Nxd5 15.
a3 Be6 16. Qd3 Re8 17. Bd2 Qd6 18. Ne4 Qd8 19. Ng3 a4 20. Re2 Na5 21. Bb5 Bd7
22. Rxe8+ Bxe8 23. Bxe8 Qxe8 24. Re1 Qd8 25. Nf5 Qf6 26. Ne5 Nc6 27. Nd7 Qg6 28.
Qf3 Nf6 29. Nxb6 cxb6 30. d5 Nxd5 31. Qxd5 1-0

[Event "FIDE World Rapid Team"]
[Site "Almaty KAZ"]
[Date "2024.08.02"]
[Round "2.15"]
[White "Volokitin, Andrei"]
[Black "Samadov, Read"]
[Result "0-1"]
[WhiteTitle "GM"]
[BlackTitle "IM"]
[WhiteElo "2667"]
[BlackElo "2509"]
[WhiteTeam "Ashdod Chess Club"]
[BlackTeam "Rookies"]
[WhiteFideId "14107090"]
[BlackFideId "13417444"]
[EventDate "2024.08.02"]

1. e4 c5 2. Nf3 d6 3. Nc3 Nf6 4. Bb5+ Bd7 5. Qe2 Nc6 6. Bxc6 Bxc6 7. d4 cxd4 8.
Nxd4 e6 9. Bg5 Be7 10. f4 h6 11. Bxf6 Bxf6 12. O-O-O Qb6 13. Ndb5 O-O 14. Nxd6
Bxc3 15. bxc3 Qc5 16. Kb2 a5 17. Rd4 e5 18. fxe5 Qxe5 19. Qf2 Rad8 20. Qg3 Qxg3
21. hxg3 Rd7 22. Rhd1 Re7 23. Re1 Re5 24. Nc4 Rg5 25. Re3 Re8 26. Nd6 Re6 27.
Rf3 Rge5 28. Nxf7 Rxe4 29. Rd8+ Kh7 30. Rf4 Rxf4 31. gxf4 Bxg2 32. f5 Rb6+ 33.
Kc1 g6 34. Ne5 gxf5 35. Rd7+ Kg8 36. Kd2 Re6 37. Nd3 Bc6 38. Rc7 h5 39. Nf4 Rd6+
40. Ke3 h4 41. c4 Rh6 42. Nh3 Bg2 43. Nf4 Be4 44. Nh3 Rg6 45. Nf2 0-1

[Event "FIDE World Rapid Team"]
[Site "Almaty KAZ"]
[Date "2024.08.02"]
[Round "2.16"]
[White "Shogdzhiev, Roman"]
[Black "Moiseenko, Alexander"]
[Result "0-1"]
[WhiteTitle "CM"]
[BlackTitle "GM"]
[WhiteElo "2124"]
[BlackElo "2562"]
[WhiteTeam "Rookies"]
[BlackTeam "Ashdod Chess Club"]
[WhiteFideId "55653537"]
[BlackFideId "14102560"]
[EventDate "2024.08.02"]

1. e4 c5 2. Nf3 Nc6 3. Bb5 d6 4. Bxc6+ bxc6 5. O-O e5 6. c3 Nf6 7. Re1 Bg4 8. d4
cxd4 9. cxd4 exd4 10. Qxd4 Bxf3 11. gxf3 Be7 12. Nc3 O-O 13. Bf4 Nh5 14. Bg3 Rb8
15. b3 Bf6 16. e5 Nxg3 17. exf6 Nf5 18. Qf4 Qxf6 19. Ne4 Qe5 20. Qxe5 dxe5 21.
Rac1 Nd4 22. Kg2 Rfe8 23. Nc5 Rbd8 24. Rc3 a5 25. Nb7 Rd5 26. Rc5 Re6 27. f4
Rg6+ 28. Kh1 Rxc5 29. Nxc5 Nf3 30. Rd1 f6 31. fxe5 fxe5 32. Nb7 e4 33. Nxa5 Rh6
34. Kg2 Rxh2+ 35. Kg3 h5 36. Nxc6 h4+ 37. Kf4 Rxf2 38. Kxe4 Ng5+ 39. Ke3 Rf3+
40. Ke2 h3 41. Ne5 Rg3 42. Rh1 Ne4 43. Nf3 g5 44. Ke3 Nf6 45. Kf2 Rg2+ 46. Kf1
g4 47. Ne5 Ne4 48. Nxg4 Ng3+ 49. Ke1 Nxh1 50. Ne3 Rxa2 51. Kf1 Ng3+ 52. Kg1 h2# 0-1

[Event "FIDE World Rapid Team"]
[Site "Almaty KAZ"]
[Date "2024.08.02"]
[Round "2.17"]
[White "Khotenashvili, Bella"]
[Black "Bivol, Alina"]
[Result "0-1"]
[WhiteTitle "GM"]
[BlackTitle "IM"]
[WhiteElo "2427"]
[BlackElo "2345"]
[WhiteTeam "Ashdod Chess Club"]
[BlackTeam "Rookies"]
[WhiteFideId "13602640"]
[BlackFideId "4100123"]
[EventDate "2024.08.02"]

1. Nf3 d5 2. g3 b6 3. Bg2 Bb7 4. O-O Nf6 5. d3 Nbd7 6. Nbd2 e5 7. c4 d4 8. Nb3
g6 9. e3 dxe3 10. Bxe3 Bg7 11. Qc1 O-O 12. Bh6 c5 13. Re1 Re8 14. Bxg7 Kxg7 15.
Qc3 Bxf3 16. Bxf3 Rc8 17. a4 a5 18. Re3 Qc7 19. Rae1 h5 20. h3 Rcd8 21. Nd2 Re7
22. Bg2 Rde8 23. Nf3 Kg8 24. Ng5 Qd6 25. R3e2 Nb8 26. Re3 Na6 27. Nf3 Nd7 28. h4
Nb4 29. Bh3 f6 30. Bf1 Nb8 31. Qc1 Kg7 32. Qc3 N8c6 33. b3 Nd4 34. Qb2 Ndc2 35.
R1e2 Nxe3 36. Rxe3 Nc6 37. Bg2 Rd8 38. Nd2 Nb4 39. Bf1 Qd4 40. Qc1 Qd7 41. Ne4
Nc6 42. Nc3 Rf7 43. Bg2 Nd4 44. Qd1 Qg4 45. Qb1 g5 46. hxg5 Qxg5 47. Nd5 Rh8 48.
Qd1 Qg4 49. Qc1 Nxb3 50. Qb2 Qd1+ 51. Kh2 h4 52. g4 Nd4 53. Bh3 Nf3+ 54. Kg2
Ne1+ 55. Kh2 Nxd3 56. Qxb6 Nxf2 57. Qb2 Qh1# 0-1

[Event "FIDE World Rapid Team"]
[Site "Almaty KAZ"]
[Date "2024.08.02"]
[Round "2.18"]
[White "Berikkyzy Alanna"]
[Black "Tanikin, Isabek"]
[Result "0-1"]
[WhiteTitle "WCM"]
[WhiteElo "1869"]
[BlackElo "1952"]
[WhiteTeam "Rookies"]
[BlackTeam "Ashdod Chess Club"]
[WhiteFideId "13780719"]
[BlackFideId "13728717"]
[EventDate "2024.08.02"]

1. e4 c6 2. Nf3 d5 3. Nc3 dxe4 4. Nxe4 Nf6 5. Qe2 Nxe4 6. Qxe4 Qd5 7. Qf4 Qf5 8.
Qxf5 Bxf5 9. b3 Nd7 10. Bb2 Bg4 11. Be2 Bxf3 12. Bxf3 O-O-O 13. O-O-O Nf6 14. d4
e6 15. c4 Bd6 16. Kb1 Rhe8 17. Rhe1 Bb4 18. Re3 Ba5 19. g4 Bb6 20. Ree1 Nd7 21.
Bg2 f6 22. Re2 Nf8 23. Kc2 Ng6 24. Be4 Nf4 25. Ree1 Bc7 26. h4 Kb8 27. Bf3 Ng6
28. h5 Nf4 29. Be4 h6 30. Bf3 Re7 31. Ba3 Red7 32. Bb2 Bb6 33. Re4 Nh3 34. Rxe6
Nxf2 35. Rd2 Nh3 36. c5 Ng5 37. Re3 Bxc5 0-1

[Event "FIDE World Rapid Team"]
[Site "Almaty KAZ"]
[Date "2024.08.02"]
[Round "2.20"]
[White "Narayanan, S.L."]
[Black "Shubin, Kirill"]
[Result "0-1"]
[WhiteTitle "GM"]
[BlackTitle "IM"]
[WhiteElo "2649"]
[BlackElo "2459"]
[WhiteTeam "Team MGD1"]
[BlackTeam "World Champions Higher School"]
[WhiteFideId "5058422"]
[BlackFideId "34119962"]
[EventDate "2024.08.02"]

1. d4 Nf6 2. c4 e6 3. Nf3 b6 4. g3 Bb7 5. Bg2 Be7 6. Nc3 Ne4 7. Bd2 Bf6 8. Rc1
Nxd2 9. Qxd2 d6 10. O-O Nd7 11. b4 O-O 12. Rfd1 Qe7 13. e3 g6 14. Qc2 Bg7 15. d5
e5 16. h4 h6 17. e4 h5 18. Bh3 Bh6 19. Rb1 Bc8 20. Kg2 a6 21. Qe2 Nf6 22. Bxc8
Raxc8 23. Nh2 Nd7 24. a3 f5 25. exf5 Rxf5 26. Ne4 Rcf8 27. Rb3 Nf6 28. Nxf6+
Qxf6 29. Nf3 g5 30. hxg5 Bxg5 31. Rh1 h4 32. Rh3 Rf7 33. Qe4 Rg7 34. c5 hxg3 35.
fxg3 Bd2 36. cxd6 cxd6 37. Rb1 Rf4 38. Qe2 Bc3 39. Rf1 e4 40. Nh2 Be5 41. Rxf4
Qxf4 42. Nf1 Bd4 43. Nd2 Rg4 44. Nf1 Rg7 45. Nd2 e3 46. Nf3 Be5 47. Qe1 Qe4 48.
Qe2 b5 49. Kh2 Rc7 50. Ne1 Rf7 51. Qh5 Bg7 52. Qg5 e2 53. Rh4 Rf2+ 54. Kh3 Qh1+
55. Kg4 Qxe1 56. Qe3 Rf7 57. Qe8+ Bf8 58. Rh8+ Kxh8 59. Qxf7 Qf1 60. Qh5+ Kg7 0-1

[Event "FIDE World Rapid Team"]
[Site "Almaty KAZ"]
[Date "2024.08.02"]
[Round "2.21"]
[White "Faizrakhmanov, Ramil"]
[Black "Sadhwani, Raunak"]
[Result "0-1"]
[WhiteTitle "IM"]
[BlackTitle "GM"]
[WhiteElo "2424"]
[BlackElo "2653"]
[WhiteTeam "World Champions Higher School"]
[BlackTeam "Team MGD1"]
[WhiteFideId "24103209"]
[BlackFideId "35093487"]
[EventDate "2024.08.02"]

1. e4 c6 2. d4 d5 3. e5 Bf5 4. Nf3 e6 5. Be2 Nd7 6. O-O a5 7. a4 f6 8. exf6 Qxf6
9. c4 Bb4 10. Nc3 h6 11. Bf4 Ne7 12. Ne5 Rd8 13. c5 O-O 14. Nxd7 Rxd7 15. Be5
Qg6 16. Na2 Be4 17. f3 Bc2 18. Qc1 Bd3 19. Bxd3 Qxd3 20. Nxb4 axb4 21. Qe1 Ng6
22. Rf2 Nxe5 23. Qxe5 Rf6 24. a5 Rdf7 25. h3 Kh7 26. Re1 Rf4 27. Qxe6 Qxd4 28.
Qd6 R4f6 29. Re6 b3 30. Rxf6 Rxf6 31. Qe7 Rf5 32. Qe2 Re5 33. Qd2 Qxc5 34. Kh2
Re3 35. f4 d4 36. Qd1 Qd5 37. Rd2 c5 38. Qg4 Qe4 39. h4 d3 40. h5 Re2 41. Qg6+
Qxg6 42. hxg6+ Kxg6 43. Rxd3 c4 44. Rd4 Rc2 45. Kg3 Kf5 46. Kf3 h5 47. Rd5+ Ke6
48. Rd4 g6 49. Kg3 Kf5 50. Kh3 Rc1 51. Kg3 c3 0-1

[Event "FIDE World Rapid Team"]
[Site "Almaty KAZ"]
[Date "2024.08.02"]
[Round "2.22"]
[White "Adhiban, Baskaran"]
[Black "Orlov, Oleg"]
[Result "1-0"]
[WhiteTitle "GM"]
[BlackTitle "FM"]
[WhiteElo "2532"]
[BlackElo "2254"]
[WhiteTeam "Team MGD1"]
[BlackTeam "World Champions Higher School"]
[WhiteFideId "5018471"]
[BlackFideId "4166612"]
[EventDate "2024.08.02"]

1. b3 d5 2. Bb2 c5 3. e3 Nf6 4. Nf3 a6 5. d4 Nc6 6. dxc5 e6 7. Nbd2 Bxc5 8. a3
O-O 9. c4 a5 10. cxd5 exd5 11. Qc2 Ba7 12. Bd3 d4 13. e4 Re8 14. O-O Bg4 15. h3
Bh5 16. Rae1 Rc8 17. Qb1 Bg6 18. e5 Nd5 19. e6 Nf4 20. exf7+ Kxf7 21. Bxg6+ hxg6
22. Rxe8 Qxe8 23. Re1 Qd7 24. Qe4 Qf5 25. Nc4 Kg8 26. Nd6 Qxe4 27. Rxe4 Rf8 28.
Nb5 Nxh3+ 29. Kf1 Bc5 30. Nbxd4 Nxd4 31. Bxd4 Bxa3 32. Be3 g5 33. Nd4 Nf4 34. g3
Nd5 35. Bxg5 Bc5 36. Bd2 Nf6 37. Rh4 Rd8 38. Bc3 Nd5 39. Ne6 Rc8 40. Bxg7 Bb4
41. Rh8+ Kf7 42. Rxc8 Kxe6 43. Rb8 b6 44. Bd4 Bd6 45. Rb7 Bc7 46. Rxc7 Nxc7 47.
Bxb6 Nb5 48. Bxa5 Nd4 49. b4 Kf5 50. Bb6 Nb5 51. Ke2 Ke4 52. f3+ Kd5 53. Kd3 Nd6
54. g4 Nc4 55. Bd4 Nd6 56. g5 Ke6 57. g6 Nb5 58. g7 Kf7 59. Be5 Na7 60. f4 1-0

[Event "FIDE World Rapid Team"]
[Site "Almaty KAZ"]
[Date "2024.08.02"]
[Round "2.23"]
[White "Serikbay, Assel"]
[Black "Dronavalli, Harika"]
[Result "0-1"]
[WhiteTitle "WIM"]
[BlackTitle "GM"]
[WhiteElo "2237"]
[BlackElo "2502"]
[WhiteTeam "World Champions Higher School"]
[BlackTeam "Team MGD1"]
[WhiteFideId "13706799"]
[BlackFideId "5015197"]
[EventDate "2024.08.02"]

1. d4 d5 2. Nf3 Nf6 3. c4 e6 4. Nc3 Nbd7 5. Bf4 dxc4 6. e4 Bb4 7. Qc2 b5 8. a4
Bb7 9. e5 Be4 10. Qc1 Nd5 11. Bg5 f6 12. exf6 gxf6 13. Bd2 Bxc3 14. bxc3 c6 15.
Be2 O-O 16. Nh4 Kh8 17. f3 Bf5 18. Nxf5 exf5 19. O-O Qe8 20. Bd1 Rg8 21. Kh1 a6
22. Qb1 Qg6 23. Rf2 f4 24. Bc2 Qh6 25. Bf5 N7b6 26. a5 Na4 27. Qc1 Ne3 28. Bxe3
fxe3 29. Re2 Rae8 30. Bd7 Re7 31. Bxc6 f5 32. Bd5 Rc8 33. f4 Qxf4 34. Bf3 Rf8
35. Qc2 Rf6 36. Rf1 Qd6 37. g3 Qa3 38. Rc1 Qb3 39. Kg2 f4 40. g4 Qxc2 41. Rcxc2
Rd6 42. Re1 Kg7 43. Be2 Rf7 44. Kf3 Rh6 45. Bf1 Kf8 46. Ra1 Rc6 47. h4 h6 48.
Be2 Ke7 49. Bd1 Kd6 50. Rb1 Rc8 51. Rcc1 Kd5 52. Rb4 Re8 53. Be2 Ree7 54. Rc2
Rf6 55. Rc1 Rf8 56. Rc2 Rg7 57. Rb1 Re7 58. Rb4 Ree8 59. Rb1 Rf6 60. Rb4 Rg8 61.
Rb1 Rg7 62. Rb4 Rf8 63. Rb1 Rd7 64. Rb4 Nxc3 65. Rxc3 Kxd4 66. Rc1 Kc5 67. Rb2
Rd4 68. g5 hxg5 69. hxg5 Rg8 70. Kg4 b4 71. Rf1 c3 72. Rc2 Rd5 73. Kxf4 Rgxg5
74. Kxe3 Rde5+ 75. Kf2 Rgf5+ 76. Ke1 Rxf1+ 77. Kxf1 Kd4 78. Bxa6 Rxa5 79. Be2
Ra1+ 80. Kf2 b3 0-1

[Event "FIDE World Rapid Team"]
[Site "Almaty KAZ"]
[Date "2024.08.02"]
[Round "2.24"]
[White "Shah Mihir"]
[Black "Balakirev, Nikoly"]
[Result "1-0"]
[WhiteElo "1801"]
[BlackElo "1885"]
[WhiteTeam "Team MGD1"]
[BlackTeam "World Champions Higher School"]
[WhiteFideId "46628878"]
[BlackFideId "4192060"]
[EventDate "2024.08.02"]

1. e4 c5 2. Nf3 e6 3. d3 d5 4. Nbd2 Nc6 5. g3 Nf6 6. Bg2 dxe4 7. dxe4 Be7 8. O-O
O-O 9. e5 Nd5 10. Qe2 b6 11. Rd1 Bb7 12. c4 Nc7 13. Ne4 Nd4 14. Nxd4 cxd4 15.
Nf6+ gxf6 16. Bxb7 Rb8 17. Qg4+ Kh8 18. Rxd4 Qe8 19. exf6 Bxf6 20. Rf4 Be5 21.
Bg2 Bxf4 22. Qxf4 Qe7 23. Bd2 f6 24. Bc3 e5 25. Qh4 Qg7 26. Bh3 Rbd8 27. Bf5 Ne8
28. Re1 Nd6 29. Bc2 Rc8 30. b3 Nb5 31. Bb2 Rc7 32. Bb1 Nd6 33. Qh5 Nf7 34. h4
Rd8 35. Qf5 Nd6 36. Qf3 Nf7 37. Qh5 Rcd7 38. Bc3 Kg8 39. Qf3 Kf8 40. Bf5 Rc7 41.
Be6 Nd6 42. Bxe5 1-0

[Event "FIDE World Rapid Team"]
[Site "Almaty KAZ"]
[Date "2024.08.02"]
[Round "2.25"]
[White "Bilguun, Sumiya"]
[Black "Niemann, Hans Moke"]
[Result "0-1"]
[WhiteTitle "GM"]
[BlackTitle "GM"]
[WhiteElo "2470"]
[BlackElo "2711"]
[WhiteTeam "Hunnu Air"]
[BlackTeam "GMHans.com"]
[WhiteFideId "4901541"]
[BlackFideId "2093596"]
[EventDate "2024.08.02"]

1. e4 c5 2. Nf3 d6 3. d4 cxd4 4. Nxd4 Nf6 5. Nc3 a6 6. f4 e5 7. Nf3 Qc7 8. a4
Be7 9. Bd3 Nbd7 10. O-O O-O 11. Kh1 Nc5 12. Qe1 Be6 13. Nh4 d5 14. fxe5 Nfxe4
15. Nf5 Nxc3 16. Qxc3 Rac8 17. Be3 Nxd3 18. Qxc7 Rxc7 19. Nxe7+ Rxe7 20. cxd3
Rd7 21. Bc5 Rc8 22. d4 Rdc7 23. a5 Rxc5 24. dxc5 Rxc5 25. Rfc1 Rb5 26. Rc2 Bf5
27. Rd2 Kf8 28. Kg1 Ke7 29. Rc1 Bd7 30. b4 Ke6 31. Rc5 Bc6 32. Rxb5 Bxb5 33. Rf2
Bd3 34. Rf3 Bc4 35. Kf2 d4 36. Rh3 h6 37. Rh5 Bd3 38. Rh3 Be4 39. Rh5 Bg6 40.
Rh3 Kxe5 41. b5 Bc2 42. bxa6 bxa6 43. Ke1 f5 44. Kd2 Be4 45. Rb3 f4 46. g3 f3
47. Rb8 Bc6 48. Rf8 g5 49. g4 Ke4 50. Rf6 Bb5 51. h3 Bc4 52. Ke1 Ke3 53. Rf5 Bd3
54. Rf6 Be4 55. Kf1 d3 0-1

[Event "FIDE World Rapid Team"]
[Site "Almaty KAZ"]
[Date "2024.08.02"]
[Round "2.26"]
[White "Tabatabaei, M. Amin"]
[Black "Munkhdalai, Amilal"]
[Result "1/2-1/2"]
[WhiteTitle "GM"]
[BlackTitle "IM"]
[WhiteElo "2712"]
[BlackElo "2374"]
[WhiteTeam "GMHans.com"]
[BlackTeam "Hunnu Air"]
[WhiteFideId "12521213"]
[BlackFideId "4903250"]
[EventDate "2024.08.02"]

1. e4 c5 2. Nf3 Nc6 3. Bb5 e6 4. Bxc6 bxc6 5. d3 Ne7 6. h4 f6 7. h5 e5 8. Nc3 d6
9. Nh4 g5 10. Nf3 Bg4 11. Be3 h6 12. Qd2 Bxf3 13. gxf3 f5 14. Qe2 Bg7 15. O-O-O
f4 16. Bd2 O-O 17. Na4 Nc8 18. c4 Nb6 19. Nc3 a5 20. Qf1 Rf6 21. Qh3 Nd7 22. Na4
Nf8 23. Bc3 Ne6 24. Rhe1 Rb8 25. b3 Bf8 26. Re2 Be7 27. Qg4 Qc7 28. Rde1 Bd8 29.
Rb2 Qf7 30. Rbe2 Bc7 31. Rc2 Ng7 32. Rh1 Re6 33. Kb1 1/2-1/2

[Event "FIDE World Rapid Team"]
[Site "Almaty KAZ"]
[Date "2024.08.02"]
[Round "2.27"]
[White "Agibileg, Uurtsaikh"]
[Black "Dardha, Daniel"]
[Result "1/2-1/2"]
[WhiteTitle "IM"]
[BlackTitle "GM"]
[WhiteElo "2411"]
[BlackElo "2608"]
[WhiteTeam "Hunnu Air"]
[BlackTeam "GMHans.com"]
[WhiteFideId "4901606"]
[BlackFideId "240990"]
[EventDate "2024.08.02"]

1. d4 Nf6 2. c4 e6 3. Nc3 d5 4. cxd5 exd5 5. Bg5 c6 6. e3 h6 7. Bh4 Be7 8. Bd3
O-O 9. Qc2 Re8 10. Nge2 Nbd7 11. O-O Ne4 12. Bxe7 Qxe7 13. Rae1 Nd6 14. Ng3 Nf6
15. f3 Qc7 16. e4 Qb6 17. Qf2 dxe4 18. Ncxe4 Ndxe4 19. fxe4 Be6 20. Bb1 Rad8 21.
Rd1 Ng4 22. Qd2 c5 23. d5 c4+ 24. Qd4 Qxd4+ 25. Rxd4 Bd7 26. h3 Ne5 27. Bc2 b5
28. Bd1 Rc8 29. Bg4 Bxg4 30. hxg4 g6 31. Ne2 Nxg4 32. Nc3 a6 33. d6 Rcd8 34. a4
Re5 35. axb5 axb5 36. Ra1 Kg7 37. Ra7 b4 38. Na4 Nf6 39. Nb6 c3 40. bxc3 bxc3
41. Rc7 Nxe4 42. d7 Rc5 43. Rc8 c2 44. Rc4 Rxc4 45. Rxc4 Nf6 46. Rxc2 Kf8 47.
Rd2 Ke7 48. Re2+ Kd6 49. Nc4+ Kxd7 50. Ne5+ Kc7 51. Nxf7 Rd1+ 52. Kf2 h5 53.
Re7+ Kc8 54. Re6 Ng4+ 55. Ke2 Rg1 56. Rxg6 Rxg2+ 57. Ke1 Rh2 58. Rg7 Ne3 59.
Nd6+ Kd8 60. Rg3 Ng4 61. Nf5 Kd7 62. Ng7 Ne5 63. Kf1 h4 64. Re3 Ng4 65. Re4 Nf6
66. Rd4+ Kc6 67. Kg1 Rh3 68. Nf5 Kc5 69. Rxh4 Rf3 70. Nh6 Kd5 71. Kg2 Ra3 72.
Ng4 Ne4 73. Nf2 Nd6 74. Rh3 Ra2 75. Rd3+ Ke5 76. Kf3 Nc4 77. Ng4+ Ke6 78. Rc3
Nd6 79. Re3+ Kd5 80. Rd3+ Kc5 81. Ne3 Kc6 82. Rc3+ Kd7 83. Kf4 Ra4+ 84. Ke5 Ra5+
85. Nd5 Nf7+ 86. Kd4 Ra4+ 87. Kc5 Ra5+ 88. Kd4 Ra4+ 89. Ke3 Rh4 90. Nf4 Nd6 91.
Rd3 Rg4 92. Kf3 Rg8 93. Nd5 Ke6 94. Nf4+ Kd7 95. Rd1 Rf8 96. Ke3 Re8+ 97. Kd4
Re4+ 98. Kc5 Rc4+ 99. Kd5 Rxf4 100. Ke5 Re4+ 101. Kd5 Rh4 102. Ra1 Rh5+ 103. Kd4
Nf5+ 104. Ke5 Ne7+ 105. Kf4 Rc5 106. Ra6 Nc6 107. Ke4 Ke6 108. Kf4 Rc4+ 109. Ke3
Ke5 110. Ra3 Rh4 111. Ra8 Rh3+ 112. Ke2 Kd4 113. Re8 Ne5 114. Kf2 Ke4 115. Ke2
Rh2+ 116. Kd1 Ra2 117. Kc1 Kd4 118. Rd8+ Kc3 119. Kd1 Rh2 120. Rc8+ Nc4 121. Ke1
Kd3 122. Rd8+ Ke4 123. Re8+ Ne5 124. Kd1 Rg2 125. Kc1 Kd4 126. Rd8+ Kc3 127.
Rc8+ Nc4 128. Kd1 Rd2+ 129. Ke1 Ra2 130. Rd8 Nd2 131. Kf2 Ra7 132. Rc8+ Nc4 133.
Rf8 Kd4 134. Rd8+ Ke4 135. Re8+ Ne5 136. Ke2 Ra2+ 137. Kf1 Rd2 138. Ke1 Rc2 139.
Kd1 Ra2 140. Kc1 Kd4 141. Rd8+ Kc3 142. Rc8+ Kd3 143. Rd8+ Ke3 144. Re8 Ra5 145.
Kc2 Rc5+ 146. Kb3 Ke4 147. Kb4 Rc1 148. Kb3 Kd4 149. Rd8+ Kc5 150. Rc8+ Nc6 151.
Rh8 Nd4+ 152. Kb2 Rc2+ 153. Kb1 Rf2 154. Rc8+ Kb4 155. Kc1 Nf3 156. Kd1 Kb3 157.
Rb8+ Kc3 158. Rc8+ Kd3 159. Kc1 Nd4 160. Rd8 Rc2+ 161. Kb1 Rc4 162. Kb2 Kd2 163.
Rh8 Rb4+ 164. Ka3 Rb6 165. Rh3 Kc2 166. Ka4 Nc6 167. Rh2+ Kc3 168. Rh3+ Kc4 169.
Rh4+ Nd4 170. Ka5 Rd6 171. Rg4 Rh6 172. Re4 Kd5 173. Rg4 Kc5 174. Rg5+ Kc4 175.
Rg4 Rd6 176. Rh4 Rf6 177. Rg4 Kc5 178. Rg5+ 1/2-1/2

[Event "FIDE World Rapid Team"]
[Site "Almaty KAZ"]
[Date "2024.08.02"]
[Round "2.28"]
[White "Jacobson, Brandon"]
[Black "Chinguun, Sumiya"]
[Result "0-1"]
[WhiteTitle "GM"]
[BlackTitle "FM"]
[WhiteElo "2575"]
[BlackElo "2389"]
[WhiteTeam "GMHans.com"]
[BlackTeam "Hunnu Air"]
[WhiteFideId "30901561"]
[BlackFideId "4902572"]
[EventDate "2024.08.02"]

1. d4 Nf6 2. c4 e6 3. Nc3 Bb4 4. e3 b6 5. Ne2 c5 6. a3 Ba5 7. Rb1 Qe7 8. Qa4 Nc6
9. dxc5 bxc5 10. g3 Bb7 11. Bg2 O-O 12. O-O Bxc3 13. Nxc3 Rab8 14. e4 Nd4 15. b4
cxb4 16. axb4 Ng4 17. Qxa7 Qf6 18. h3 Nf3+ 19. Bxf3 Qxf3 20. Qd4 e5 21. Qd1 Qxc3
22. Qxg4 h5 23. Qe2 Qd4 24. Re1 f5 25. Bb2 Qb6 26. c5 Qe6 27. Rbd1 fxe4 28. Qxh5
e3 29. Rxe3 Rf5 30. Qg4 Rbf8 31. Rd2 Qc6 32. f3 Rxf3 33. Rxf3 Rxf3 34. Qc4+ Rf7
35. Rd5 Qxd5 36. Qxd5 Bxd5 37. Bxe5 Bc6 38. Bd4 Rf3 39. Bf2 Kf7 40. Be1 g6 41.
h4 Ke6 42. Bf2 Kf5 43. Kf1 Rb3 44. Be1 Rb2 45. Bc3 Rc2 46. Be1 Kg4 0-1

[Event "FIDE World Rapid Team"]
[Site "Almaty KAZ"]
[Date "2024.08.02"]
[Round "2.29"]
[White "Mungunzul, Bat-Erdene"]
[Black "Salimova, Nurgyul"]
[Result "1/2-1/2"]
[WhiteTitle "WCM"]
[BlackTitle "IM"]
[WhiteElo "2224"]
[BlackElo "2412"]
[WhiteTeam "Hunnu Air"]
[BlackTeam "GMHans.com"]
[WhiteFideId "4902831"]
[BlackFideId "2915138"]
[EventDate "2024.08.02"]

1. d4 d5 2. c4 e6 3. Nc3 Nf6 4. Nf3 a6 5. cxd5 exd5 6. Bg5 Be6 7. e3 Nbd7 8. Bd3
Bd6 9. O-O O-O 10. h3 c6 11. Bf4 Qc7 12. Bxd6 Qxd6 13. a4 a5 14. Qb3 Rfc8 15.
Qa3 Qb4 16. Rfc1 h6 17. Qxb4 axb4 18. Na2 Rxa4 19. Bc2 Ra5 20. Nxb4 Rca8 21.
Rxa5 Rxa5 22. Nd2 Rb5 23. Nd3 Bf5 24. b3 Ra5 25. f3 Ra3 26. Kf2 g6 27. Ke2 h5
28. g4 hxg4 29. hxg4 Bxd3+ 30. Bxd3 Ne8 31. e4 Nc7 32. Ke3 Kg7 33. e5 c5 34.
dxc5 Nxe5 35. Kd4 Nc6+ 36. Kc3 Ra2 37. Rc2 Nb5+ 38. Bxb5 d4+ 39. Kd3 Nb4+ 40.
Kxd4 Nxc2+ 41. Kc3 Ne3 42. Ne4 Nd5+ 43. Kd4 Nf4 44. Bc4 f6 45. Nd6 Ra7 46. Ne8+
Kf8 47. Nxf6 Ra1 48. Ne4 Ke7 49. Ke5 Ng2 50. Bd5 Rb1 51. Nd6 Ne3 52. Bg8 Kd7 53.
Nxb7 Kc6 54. Nd6 Kxc5 55. Ne4+ Kb4 56. Bf7 Rf1 57. Kf4 Ng2+ 58. Kg3 Ne1 59. Nd2
Rh1 60. Bxg6 Kc3 61. Ne4+ Kxb3 62. g5 Kc4 63. Kf4 Kd4 64. Nf2 Rf1 65. Nh3 Nxf3
66. Kg3 Nxg5 67. Nxg5 Rg1+ 68. Kf4 Rxg5 69. Kxg5 1/2-1/2

[Event "FIDE World Rapid Team"]
[Site "Almaty KAZ"]
[Date "2024.08.02"]
[Round "2.30"]
[White "Mero, Aghiad."]
[Black "Erkhembayar, Amartaivan"]
[Result "1-0"]
[WhiteElo "1817"]
[BlackElo "1962"]
[WhiteTeam "GMHans.com"]
[BlackTeam "Hunnu Air"]
[WhiteFideId "7608420"]
[BlackFideId "4904800"]
[EventDate "2024.08.02"]

1. b3 d5 2. Bb2 Nf6 3. e3 Bf5 4. Nf3 e6 5. Be2 Be7 6. h3 Bg6 7. O-O Nbd7 8. d3
c6 9. Nbd2 Qc7 10. Rc1 O-O 11. Nh4 Rfd8 12. Qe1 Ng4 13. Nhf3 Bf6 14. d4 Nh6 15.
c4 Qd6 16. Nb1 Qe7 17. Qa5 Nf5 18. Rfd1 Nh4 19. Nbd2 Rdc8 20. cxd5 exd5 21. Ba3
Qe6 22. b4 Nxf3+ 23. Bxf3 a6 24. Rc3 Bd8 25. Qa4 b5 26. Qb3 Nb6 27. e4 Nc4 28.
Bg4 f5 29. exd5 cxd5 30. Bf3 Ra7 31. Nxc4 bxc4 32. Qa4 Be8 33. Qc2 Qf7 34. Bc1
a5 35. bxa5 Rxa5 36. Re1 g6 37. Bf4 Rca8 38. Qc1 Bf6 39. Be5 Bc6 40. a3 Be7 41.
Ree3 Bg5 42. g3 Qf8 43. Rxc4 Bxe3 44. fxe3 dxc4 45. Bxc6 Qf7 46. Bxa8 Rxa8 47.
Qb2 Qd5 48. Kf2 Qc6 49. Qb4 Kf7 50. g4 c3 51. d5 Qxd5 52. Bxc3 fxg4 53. hxg4 Rf8
54. Kg3 Kg8 55. Qe7 Qf3+ 56. Kh4 Qf2+ 57. Kg5 Qf7 58. Qe5 h6+ 59. Kxh6 Qh7+ 60.
Kg5 Rd8 61. Bd4 Kf8 62. Qf6+ Ke8 63. Qe6+ Kf8 64. Bc5+ Kg7 65. Qf6+ Kg8 66.
Qxd8+ 1-0